|
|
|
|
| LEADER |
00000nam a2200000 i 4500 |
| 005 |
20131129114929.0 |
| 007 |
cr|||| |||| |
| 008 |
130311s2013 sp 000 0 spa d |
| 020 |
|
|
|a 978-84-9031-395-4
|
| 035 |
|
|
|a 11672
|
| 040 |
|
|
|a BUS
|d vLex
|
| 090 |
|
|
|c 4606
|d 4606
|
| 245 |
0 |
0 |
|a Cuestiones laborales de actualidad
|h [Recurso electrn̤ico] :
|b estudios jurƯ̕dicos en homenaje al profesor Dr. Feliciano Gonzl̀ez Přez /
|c ℓngel Arias DomƯ̕nguez (coordinador) ; [colaboran] ℓngel Arias DomƯ̕nguez...[et al.+
|
| 256 |
|
|
|a Servicio en ln̕ea
|
| 260 |
|
|
|a Madrid :
|b Dykinson,
|c D.L. 2013.
|
| 300 |
|
|
|a 1 recurso electrn̤ico
|
| 506 |
1 |
|
|a Contenido solo disponible en los productos indicados
|d vLex Global
|d vLex Global (Academic Edition, excluding Law Schools)
|d vLex Global (U.S. Academic Edition, Law Schools)
|d vLex Global (U.S. Academic Edition, excluding Law Schools)
|d vLex Global (Academic Edition, Law Schools)
|
| 650 |
0 |
4 |
|a Trabajo
|x Derecho
|z Espaą
|
| 700 |
1 |
|
|a Arias DomƯ̕nguez, Angel,
|e coord.
|
| 740 |
0 |
|
|a vLex Libros (Servicio en ln̕ea)
|
| 856 |
4 |
0 |
|u http://vlex.com/source/cuestiones-laborales-de-actualidad-11672
|z Acceso restringido
|
| 942 |
|
|
|c BOOK
|